Players On The Slytherin Quidditch Team - Statistics

General Stats
  • This quiz has been taken 24 times
  • The average score is 4 of 14
Answer Stats
Position Years Answer % Correct
Chaser 1991-1994 Marcus Flint
88%
Chaser 1991-1996 Adrian Pucey
63%
Beater 1995-1997 Gregory Goyle
50%
Beater 1995-1997 Vincent Crabbe
50%
Seeker 1991 Terence Higgs
44%
Keeper 1991-1996 Miles Bletchley
31%
Chaser 1993-1996 Cassius Warrington
25%
Chaser 1991-1996 Graham Montague
25%
Seeker 1997 Harper
19%
Beater 1993-1995 Lucian Bole
19%
Beater 1993-1995 Peregrine Derrick
13%
Chaser 1996-1997 Urquhart
6%
Seeker 1992-1997 Draco Mafloy
0%
Chaser 1996-1997 Vasiey
0%
No matching quizzes found
Score Distribution
Percent of People with Each Score
Percentile by Number Answered
Your Score History
You have not taken this quiz